000 00727nam a2200289Ia 4500
005 20260324112015.0
008 008 260324s9999 xx 000 0 eng d
020 _a9781003655046
037 _aEBOOK
040 _aCRL
040 _beng
040 _cCRL
041 _2eng
041 _aeng
084 _qCRL
100 _a The International Institute for Strategic Studies (IISS)
245 0 _aASIA-PACIFIC REGIONAL SECURITY ASSESSMENT 2025
245 0 _bKey developments and trends
260 _bTaylor and Francis
260 _c2025
365 _a
365 _b380
856 _uhttp://www.taylorfrancis.com/books/9781003655046
942 _cEBOOK
999 _c1729946
_d1729946